000 01144cam a22002891 4500
001 gs 37000021
003 DLC
005 20260227111341.0
008 901115s1936 stkab b 000 0 eng c
010 _ags 37000021
040 _aU.S. Geol. Survey Libr./ICU
_cICU
_dICU
_dDLC
043 _ae-uk-st
050 0 0 _aQE246
_b.S5
082 0 0 _a554.1
100 1 _aSimpson, J. B.
_q(John Baird),
_d1894-
245 1 4 _aThe geology of the Sanquhar coalfield and adjacent basin of Thornhill,
_cby J.B. Simpson and J.E. Richey. With contributions by A.G. MacGregor. Paleontology by J. Pringle.
260 _aEdinburgh,
_bH.M. Stationery Off.,
_c1936.
300 _aviii, 97 p.
_billus. (part fold.) maps (1 fold.) diagrs.
_c24 cm.
490 1 _aMemoirs of the Geological Survey: Scotland
504 _aBibliographical footnotes.
650 0 _aGeology
_zScotland
_zDumfriesshire.
650 0 _aCoal
_zScotland
_zDumfriesshire.
650 0 _aPaleontology
_zScotland
_zDumfriesshire.
700 1 _aRichey, J. E.
_q(James Ernest),
_d1886-
_ejoint author.
700 1 _aPringle, J.
_q(John),
_d1877-
830 0 _aMemoirs of the Geological Survey.
_pScotland.
999 _c27321
_d27321